000 00226nam a2200097 a 4500
005 20140414132029.0
008 110315s19uu xx 00 eng d
050 _aTR
_bP44 1990
245 _aDisney : Peter Pan.
999 _c113597
_d113597